| 000 | 00514nam a2200181Ia 4500 | ||
|---|---|---|---|
| 008 | 220216s9999 xx 000 0 und d | ||
| 100 | _aChalmers K J | ||
| 245 | 0 | _aIdentification of RAPD markers linked to genetic factors controlling the milling energy requirement of barley | |
| 260 |
_bTheoretical and Applied Genetics _c1993 |
||
| 300 | _a314-320 | ||
| 650 | _aRAPD | ||
| 700 | _aBarua U M | ||
| 700 | _aHackett C A | ||
| 700 | _aPowell W | ||
| 700 | _aThomas W T B | ||
| 700 | _aWaugh R | ||
| 942 | _cJS | ||
| 999 |
_c60655 _d60655 |
||